One Day More lyrics - Les Miserables - Statistics

General Stats
  • This quiz has been taken 638 times
  • The average score is 64 of 76
Answer Stats
Hint Answer % Correct
Another ___ day
99%
One day ___ more
99%
One day ___ more
96%
One day ___ more
96%
I did not ___ until today live
94%
Will surely come a second ___ time
94%
One ___ more day
93%
Will we ___ meet again? ever
93%
One day __! more
93%
One more day all on my ___ own
93%
Another ___ destiny
92%
How can I live when we are ___ parted
92%
My place is ___ here
91%
One day ____ more
91%
Do you hear the ____ sing? people
91%
We'll be ready for these ___ schoolboys
91%
The ___ is now, time
91%
I was ___ to be with you born
90%
The day is ___ here
90%
But he ___ saw me there never
90%
We will ___ it in the bud nip
90%
One more day to ___ revolution
90%
I did not live until ___ today
90%
They will wet themselves with ___ blood
89%
One more day with him not ___ caring
89%
Do I ____ where she goes? follow
89%
At the barricades of ___ freedom
89%
What a life I might have ___ known
89%
Here a ___ 'dip' little
89%
One day ___! more
89%
And yet with you, my __ has started world
89%
Tomorrow you'll be ___ away worlds
89%
One more day ___ the storm before
88%
Shall I join my ___ there? brothers
88%
These men who seem to know my ___ crime
88%
Catch em as they ___ fall
88%
How can I live when we are ___? parted
87%
I ___ with you! fight
86%
One more day ___ on my own! all
85%
So they won't miss ___! much
85%
Do I ___ or do I dare? stay
85%
And I ___ I will be true swear
85%
We will nip it in the ___ bud
84%
What a ___ I might have known life
84%
We'll be _____ for these schoolboys ready
84%
____ you'll be worlds away Tomorrow
84%
This never-ending road to _____ Calvary
83%
Never know your ___ when there's a free for all luck
83%
Will you take your ___ with me? place
83%
One more day to _____ revolution
83%
Watch em run ___ amuck
82%
One day to a new ______ beginning
81%
Catch em as they ____ fall
81%
One day ____! more
81%
And yet with you my ___ has started world
81%
Raise the flag of ___ high! freedom
80%
Theres a new ___ for the winning world
80%
One more ____ day
79%
Never ____ your luck know
79%
____ em run amuck Watch
79%
Theres a new world to be ___ won
79%
When there's a ____ for all free
78%
We will ___ where they go follow
77%
_____ we'll be far away Tomorrow
77%
Every man will be a ___ king
76%
Every man will be a ___ king
75%
When our ___ begin to form ranks
75%
What our God in heaven has in ___ store
75%
Tomorrow is the ____ day Judgement
73%
We will learn their little ___ secrets
73%
One more ___ dawn
71%
Most of them are ___ goners
69%
There a little '___' touch
68%
We will ___ the things they ___ know
66%
Tomorrow we'll _____ discover
65%
We will join these people's ___ heroes
43%
No matching quizzes found
Score Distribution
Percent of People with Each Score
Percentile by Number Answered
Your Score History
You have not taken this quiz